[Event "FRA-chT3 Gr12 0304"]
[Site "Loire"]
[Date "2004.01.18"]
[Round "5.9"]
[White "Deat, Gaelle"]
[Black "Abou, Elodie"]
[Result "0-1"]
[WhiteElo "1240"]
[BlackElo "1630"]
[PlyCount "82"]
[EventDate "2003.10.12"]
[EventType "team"]
[EventRounds "9"]
[EventCountry "FRA"]
[SourceTitle "EXT 2008"]
[Source "ChessBase"]
[SourceDate "2007.11.25"]
[SourceVersion "1"]
[SourceVersionDate "2007.11.25"]
[SourceQuality "1"]

1. c4 c5 2. Nf3 Nc6 3. e3 Nf6 4. Nc3 g6 5. d4 cxd4 6. exd4 d5 7. Bd3 dxc4 8. Bxc4 Bg7 9. 0-0 0-0 10. a3 Bg4 11. Be3 Bxf3 12. gxf3 Qc7 13. d5 Ne5 14. Bb3 Rfd8 15. Nb5 Qa5 16. a4 Rd7 17. Bd2 Qd8 18. f4 Nd3 19. Bc3 Nc5 20. Bc4 a6 21. Na3 Nxd5 22. Qf3 Nxc3 23. bxc3 e6 24. Be2 Nxa4 25. Rab1 Nxc3 26. Rxb7 Nxe2+ 27. Kh1 Rxb7 28. Qxb7 Qd5+ 29. Qxd5 exd5 30. Nb1 Nxf4 31. Rd1 d4 32. Kg1 d3 33. f3 a5 34. Kf2 Re8 35. Kg3 g5 36. Nc3 Ne2+ 37. Nxe2 dxe2 38. Re1 Bc3 39. Rc1 e1Q+ 40. Rxe1 Bxe1+ 41. Kg4 a4 0-1